[Event "Czechia KP-chTA 0607"]
[Site "Czech Republic"]
[Date "2006.12.10"]
[Round "4.5"]
[White "Kopecky, Jiri"]
[Black "Stolz, Lubor"]
[Result "1-0"]
[WhiteElo "1996"]
[BlackElo "1934"]
[PlyCount "100"]
[EventDate "2006.10.29"]
[EventType "team"]
[EventRounds "11"]
[EventCountry "CZE"]
[SourceTitle "EXT 2008"]
[Source "ChessBase"]
[SourceDate "2007.11.25"]
[SourceVersion "1"]
[SourceVersionDate "2007.11.25"]
[SourceQuality "1"]
[WhiteTeam "Kralupy nad Vltavou"]
[BlackTeam "Zebrak"]
[WhiteTeamCountry "CZE"]
[BlackTeamCountry "CZE"]

1. e4 d6 2. d4 Nf6 3. Nc3 g6 4. Be3 Bg7 5. h3 Nc6 6. Qd2 e5 7. d5 Ne7 8. 0-0-0 Bd7 9. Bh6 Bxh6 10. Qxh6 Rf8 11. g4 Neg8 12. Qe3 c5 13. f4 exf4 14. Qxf4 Qc7 15. Nb5 Bxb5 16. Bxb5+ Nd7 17. Nf3 f6 18. Bxd7+ Qxd7 19. Rd3 0-0-0 20. Ra3 b6 21. Nd2 Ne7 22. Qf1 f5 23. Qa6+ Kb8 24. c4 fxg4 25. hxg4 Nc8 26. Rah3 Rf7 27. Qa3 Qe7 28. Qe3 Rd7 29. Nf3 Rb7 30. Ng5 Rg7 31. Rxh7 Rxh7 32. Rxh7 Qf6 33. Rxb7+ Kxb7 34. Nf3 Qh8 35. e5 dxe5 36. Nxe5 Qe8 37. Qf4 Nd6 38. b3 a5 39. Qf6 Nc8 40. d6 Nxd6 41. Qxd6 Qh8 42. Qd5+ Kb8 43. Kb2 a4 44. Ka3 axb3 45. axb3 Qh6 46. Ka4 b5+ 47. Kxb5 g5 48. Qd8+ Kb7 49. Qd7+ Kb8 50. Nc6+ Qxc6+ 1-0

[Event "Czechia KP-chTA 0607"]
[Site "Czech Republic"]
[Date "2006.10.29"]
[Round "1.7"]
[White "Stolz, Lubor"]
[Black "Garsic, Petr"]
[Result "1-0"]
[WhiteElo "1934"]
[BlackElo "2052"]
[PlyCount "79"]
[EventDate "2006.10.29"]
[EventType "team"]
[EventRounds "11"]
[EventCountry "CZE"]
[SourceTitle "EXT 2008"]
[Source "ChessBase"]
[SourceDate "2007.11.25"]
[SourceVersion "1"]
[SourceVersionDate "2007.11.25"]
[SourceQuality "1"]
[WhiteTeam "Zebrak"]
[BlackTeam "Bakov nad Jizerou"]
[WhiteTeamCountry "CZE"]
[BlackTeamCountry "CZE"]

1. d4 d5 2. Nf3 c6 3. Bf4 Nf6 4. e3 Bg4 5. Be2 e6 6. Nbd2 Be7 7. a3 0-0 8. h3 Bh5 9. g4 Bg6 10. Ne5 Nfd7 11. Nxg6 fxg6 12. Nf3 Nf6 13. Ng5 Qd7 14. Qd3 c5 15. c3 Nc6 16. h4 c4 17. Qc2 Bd6 18. Bxd6 Qxd6 19. f4 b5 20. h5 h6 21. hxg6 hxg5 22. Bf3 Ne7 23. 0-0-0 Rfb8 24. fxg5 Ne4 25. Bxe4 dxe4 26. Qxe4 Qd5 27. Qf4 Nxg6 28. Qh2 Qxg5 29. Qh7+ Kf7 30. Rdf1+ Ke7 31. Qxg7+ Kd6 32. Rh7 Qxe3+ 33. Kb1 Qe4+ 34. Ka2 Qc6 35. Qxg6 Rf8 36. Re1 Rae8 37. Qg5 Qd5 38. Re5 Qc6 39. Rc5 Qe4 40. Qg7 1-0

[Event "CZE-chT3A Middle 0506  "]
[Site "Czech Republic"]
[Date "2006.01.22"]
[Round "6.4"]
[White "Stolz, Lubor"]
[Black "Zahorbensky, Jaroslav"]
[Result "0-1"]
[WhiteElo "1967"]
[BlackElo "2140"]
[PlyCount "110"]
[EventDate "2005.10.30"]
[EventType "team"]
[EventRounds "11"]
[EventCountry "CZE"]
[SourceTitle "EXT 2009"]
[Source "ChessBase"]
[SourceDate "2008.11.26"]
[SourceVersion "1"]
[SourceVersionDate "2008.11.26"]
[SourceQuality "1"]

1. d4 Nf6 2. Bf4 d5 3. Nf3 Bf5 4. e3 e6 5. Bd3 Bxd3 6. Qxd3 c6 7. Nbd2 Nbd7 8. 0-0 Be7 9. c4 Nh5 10. cxd5 Nxf4 11. exf4 exd5 12. Rfe1 0-0 13. a3 a5 14. g3 a4 15. b4 Re8 16. Rac1 f6 17. Re3 Bf8 18. Rce1 Rxe3 19. Qxe3 Nb6 20. Qe6+ Kh8 21. Nh4 Qd6 22. Qf7 Qd7 23. Qh5 Kg8 24. Qe2 Nc8 25. Qd3 Nd6 26. f5 Re8 27. Rxe8 Qxe8 28. Ng2 b5 29. Kf1 Qh5 30. Nh4 Qd1+ 31. Kg2 Qe1 32. Nhf3 Qe8 33. g4 Nc4 34. Ng1 Bd6 35. Ne2 Nxa3 36. Qxa3 Qxe2 37. Qc3 Qe8 38. h3 Kf7 39. Nf1 Ke7 40. Ne3 Kd7 41. Nc2 Qe4+ 42. Kg1 h5 43. gxh5 Qxf5 44. Kf1 Qxh5 45. Ke1 Qf5 46. Na3 Qf4 47. Ke2 f5 48. Nc2 Qe4+ 49. Kd1 f4 50. Kc1 Qe2 51. h4 f3 52. Ne1 Bf4+ 53. Kb1 Bd2 54. Qxf3 Qxe1+ 55. Ka2 Qe7 0-1

[Event "CZE-chT3A Middle 0506  "]
[Site "Czech Republic"]
[Date "2005.11.13"]
[Round "2.2"]
[White "Cernik, Lukas"]
[Black "Stolz, Lubor"]
[Result "1-0"]
[WhiteElo "2180"]
[BlackElo "1967"]
[PlyCount "71"]
[EventDate "2005.10.30"]
[EventType "team"]
[EventRounds "11"]
[EventCountry "CZE"]
[SourceTitle "EXT 2009"]
[Source "ChessBase"]
[SourceDate "2008.11.26"]
[SourceVersion "1"]
[SourceVersionDate "2008.11.26"]
[SourceQuality "1"]

1. b4 Nf6 2. Bb2 d6 3. e3 e5 4. c4 a5 5. b5 b6 6. Be2 Bb7 7. Nf3 Be7 8. 0-0 0-0 9. Nc3 Nbd7 10. d4 Ne8 11. Qc2 f5 12. dxe5 dxe5 13. Rfd1 Bd6 14. Nd5 e4 15. Nd4 Bxd5 16. cxd5 Nc5 17. Ne6 Nxe6 18. dxe6 Qe7 19. Qc6 Rd8 20. Bc4 Kh8 21. g3 Nf6 22. Rac1 Qe8 23. Bb3 a4 24. Bxa4 Qxe6 25. Bb3 Qe7 26. a4 h6 27. Rd2 Bxg3 28. Rxd8 Bxh2+ 29. Kxh2 Ng4+ 30. Kg1 Qxd8 31. Qxc7 Qg5 32. Qf4 Qg6 33. Rc6 Nf6+ 34. Qg3 Qe8 35. Bxf6 gxf6 36. Rc7 1-0